मंच अँधेरे में / (Record no. 46330)

MARC details
000 -LEADER
fixed length control field 04963nam a22004697a 4500
005 - DATE AND TIME OF LATEST TRANSACTION
control field 20100916161656.0
010 ## - LCCN (DPL NO)
LC control number HIN-90505 B-427334-348
020 ## - INTERNATIONAL STANDARD BOOK NUMBER
Terms of availability 120.00
International Standard Book Number 9789380146805
035 ## - SYSTEM CONTROL NUMBER
System control number HN-62851
035 ## - SYSTEM CONTROL NUMBER
System control number B-427334-348
037 ## - SOURCE OF ACQUISITION
Source of stock number/acquisition DBAD / PUB
037 ## - SOURCE OF ACQUISITION
Source of stock number/acquisition एलाईड पब्लिशर्स
082 ## - DEWEY DECIMAL CLASSIFICATION NUMBER
Classification number 822
100 ## - MAIN ENTRY--PERSONAL NAME
Personal name नरेन्द्र मोहन
245 ## - TITLE STATEMENT
Title मंच अँधेरे में /
Statement of responsibility, etc नरेन्द्र मोहन
246 ## - VARYING FORM OF TITLE
Title proper/short title Manch Andhere Mein
Medium by Sirshree
260 ## - PUBLICATION, DISTRIBUTION, ETC. (IMPRINT)
Place of publication, distribution, etc नई दिल्ली
Name of publisher, distributor, etc किताबघर प्रकाशन
Date of publication, distribution, etc 2010
270 ## - ADDRESS
Address 4855-56/24, अंसारी रोड़, दरियागंज
City नई दिल्ली
Postal code 110002
300 ## - PHYSICAL DESCRIPTION
Extent 84पृ.
Dimensions 22सेमी (सजिल्द)
650 ## - SUBJECT ADDED ENTRY--TOPICAL TERM
Topical term or geographic name as entry element हिन्दी नाटक
650 ## - SUBJECT ADDED ENTRY--TOPICAL TERM
Topical term or geographic name as entry element Hindi Drama
700 ## - ADDED ENTRY--PERSONAL NAME
9 (RLIN) 20179
700 ## - ADDED ENTRY--PERSONAL NAME
9 (RLIN) 20333
942 ## - ADDED ENTRY ELEMENTS (KOHA)
Source of classification or shelving scheme Dewey Decimal Classification
Item type Hindi Books
Classification part 822
Call number suffix नरेन्द्र
Holdings
Withdrawn status Lost status Not for loan Collection code Home library Current library Date acquired Source of acquisition Cost, normal purchase price Full call number Barcode Copy number Cost, replacement price Koha item type
      Non-fiction Andrews Gunj Andrews Gunj 05/05/2011 एलाईड पब्लिशर्स/2907/25.3.11/80/15.3.11/29.3.11 120.00 822 नरेन्द्र B-427342 1 120.00 Hindi Books
      Non-fiction Central Library Central Library 05/05/2011 एलाईड पब्लिशर्स/2907/25.3.11/80/15.3.11/29.3.11 120.00 822 नरेन्द्र B-427334 2 120.00 Hindi Books
      Non-fiction Central Library Central Library 05/05/2011 एलाईड पब्लिशर्स/2907/25.3.11/80/15.3.11/29.3.11 120.00 822 नरेन्द्र B-427335 2 120.00 Hindi Books
    Not For Loan Non-fiction D.B.Act.Division D.B.Act.Division 16/09/2010 DBAD / PUB 120.00 822 नरेन्द्र HN-62851 1 120.00 Hindi Books
      Non-fiction Janak Puri Janak Puri 05/05/2011 एलाईड पब्लिशर्स/2907/25.3.11/80/15.3.11/29.3.11 120.00 822 नरेन्द्र B-427339 1 120.00 Hindi Books
      Non-fiction Karol Bagh Karol Bagh 05/05/2011 एलाईड पब्लिशर्स/2907/25.3.11/80/15.3.11/29.3.11 120.00 822 नरेन्द्र B-427346 1 120.00 Hindi Books
      Non-fiction Kasturba Gandhi Marg Kasturba Gandhi Marg 05/05/2011 एलाईड पब्लिशर्स/2907/25.3.11/80/15.3.11/29.3.11 120.00 822 नरेन्द्र B-427337 1 120.00 Hindi Books
      Non-fiction Narela Narela 05/05/2011 एलाईड पब्लिशर्स/2907/25.3.11/80/15.3.11/29.3.11 120.00 822 नरेन्द्र B-427347 1 120.00 Hindi Books
      Non-fiction Patel Nagar Patel Nagar 05/05/2011 एलाईड पब्लिशर्स/2907/25.3.11/80/15.3.11/29.3.11 120.00 822 नरेन्द्र B-427336 1 120.00 Hindi Books
      Non-fiction Peshwa Road Peshwa Road 05/05/2011 एलाईड पब्लिशर्स/2907/25.3.11/80/15.3.11/29.3.11 120.00 822 नरेन्द्र B-427338 1 120.00 Hindi Books
      Non-fiction Qila Rai Pithora Qila Rai Pithora 05/05/2011 एलाईड पब्लिशर्स/2907/25.3.11/80/15.3.11/29.3.11 120.00 822 नरेन्द्र B-427344 1 120.00 Hindi Books
      Non-fiction R.K.Puram-8 R.K.Puram-8 05/05/2011 एलाईड पब्लिशर्स/2907/25.3.11/80/15.3.11/29.3.11 120.00 822 नरेन्द्र B-427341 1 120.00 Hindi Books
      Non-fiction Sarojini Nagar Sarojini Nagar 05/05/2011 एलाईड पब्लिशर्स/2907/25.3.11/80/15.3.11/29.3.11 120.00 822 नरेन्द्र B-427340 1 120.00 Hindi Books
      Non-fiction Shahdara Branch Shahdara Branch 05/05/2011 एलाईड पब्लिशर्स/2907/25.3.11/80/15.3.11/29.3.11 120.00 822 नरेन्द्र B-427348 1 120.00 Hindi Books
      Non-fiction Sriniwas Puri Sriniwas Puri 05/05/2011 एलाईड पब्लिशर्स/2907/25.3.11/80/15.3.11/29.3.11 120.00 822 नरेन्द्र B-427343 1 120.00 Hindi Books
      Non-fiction Vinoba Puri Vinoba Puri 05/05/2011 एलाईड पब्लिशर्स/2907/25.3.11/80/15.3.11/29.3.11 120.00 822 नरेन्द्र B-427345 1 120.00 Hindi Books

© Delhi Public Library
Hit Counter
free hit counter